000 003260000a22001450004500
003 MACL
040 _aMACL
090 _c1777
_d1777
100 _aRay, Sibnarayan
245 _aRabindranath Tagore
_bThree Essays
260 _aCalcutta
_bRenaissance Publishers PVT
_c1987
350 _a15
650 _aEssay
942 _cBOOK
_k824
999 _c1764
_d1764